Fine Arts - Painting & Sculpture | 0 | 3 | 0 | 2 | 30 | 115 | 127.67 | 0 | 1 |
Literature - World Literature | 0 | 3 | 0 | 0 | 30 | 109 | 123.33 | 0 | 0 |
Fine Arts - Classical Music | 0 | 3 | 0 | 2 | 30 | 80 | 121.33 | 0 | 1 |
Science - Chemistry | 0 | 3 | 0 | 0 | 30 | 89 | 113.67 | 0 | 1 |
Literature - American Literature | 0 | 2 | 0 | 0 | 20 | 91 | 101.00 | 0 | 1 |
History - American History | 0 | 2 | 0 | 1 | 20 | 128 | 132.50 | 0 | 0 |
History - European History | 0 | 2 | 0 | 1 | 20 | 68 | 99.00 | 0 | 1 |
Literature - British Literature | 0 | 2 | 0 | 0 | 20 | 102 | 122.50 | 0 | 1 |
History - World History | 0 | 1 | 0 | 0 | 10 | 98 | 98.00 | 0 | 1 |
Mythology | 0 | 1 | 0 | 0 | 10 | 94 | 94.00 | 0 | 1 |
Science - Biology | 0 | 1 | 0 | 1 | 10 | 135 | 135.00 | 0 | 1 |
Science - Other Science | 0 | 1 | 0 | 0 | 10 | 119 | 119.00 | 0 | 0 |
Fine Arts - Other Fine Arts | 0 | 0 | 0 | 0 | 0 | | 0.00 | 0 | 0 |